| 000 | 00697nam a2200121 4500 | ||
|---|---|---|---|
| 008 | 240808b |||||||| |||| 00| 0 eng d | ||
| 022 | _a2349-1906 | ||
| 245 |
_aसाहित्य यात्रा: _bसहितियक- सांस्कृतिक यात्रा की साक्षी/ _cकलानाथ मिश्र द्वारा संपादक |
||
| 260 |
_aपटना _bविद्वत परिषद् द्वारा समिछित पत्रिका _c2024 |
||
| 300 |
_aवर्ष 9, अंक 38; _c24 से.मी . |
||
| 700 |
_aसंपादक कलानाथ मिश्र _969754 |
||
| 942 |
_2ddc _cSR _mसाहित्य _s1 |
||
| 999 |
_c204962 _d204962 |
||